000 00736nam a22002057a 4500
999 _c13800
_d13800
003 OSt
005 20190417103258.0
008 190417b ||||| |||| 00| 0 eng d
040 _cUMDC
082 _22007
_aUT 1229
_bS067
100 _aSoquita, Mary Grace S., Umalay, Louela A., and Ocong, Daneil R.
_938348
245 _aMoral and spiritual valuesn and practices of UM Digos Branch students/
_c Mary Grace S. Soquita, Louela A. Umalay, and Daneil R. Ocong
260 _aDigos City;
_bUMDC
_cMarch 2007
300 _a42 pages.
_c30 cm.
690 _aAB
_vEnglish
_xUndergraduate thesis:
_938346
700 _aSoquita, Mary Grace S.
_95559
700 _aUmalay, Louela A.
_95563
700 _a Ocong, Daneil R.
_938349
942 _2ddc
_cUT